| 000 | 00452nam a22001337a 4500 | ||
|---|---|---|---|
| 005 | 20241018102929.0 | ||
| 008 | 241018b |||||||| |||| 00| 0 eng d | ||
| 100 |
_aDatu, Dino. _eauthor. _963191 |
||
| 245 |
_aCook's pick : _b"binalot" roasted lamb / _cDino Datu. |
||
| 260 |
_aPhilippines; _bPhilippine Graphic Publishing Inc., _c2019. |
||
| 300 |
_aVolume 20, pages 14-22, _billustration. |
||
| 700 |
_aDatu, Dino. _eauthor. _963192 |
||
| 942 |
_2ddc _cPER |
||
| 999 |
_c22691 _d22691 |
||